Derecho de los títulos - valores.
Αποθηκεύτηκε σε:
| Κύριος συγγραφέας: | |
|---|---|
| Μορφή: | Βιβλίο |
| Γλώσσα: | Ισπανικά |
| Έκδοση: |
Madrid, España:
Thomson Civitas,
2003.
|
| Έκδοση: | Primera edición. |
| Σειρά: | TM. Tratados y Manuales.
|
| Θέματα: | |
| Ετικέτες: |
Προσθήκη ετικέτας
Δεν υπάρχουν, Καταχωρήστε ετικέτα πρώτοι!
|
MARC
| LEADER | 00000cam a2200000 a 4500 | ||
|---|---|---|---|
| 001 | UCE8754 | ||
| 003 | CL-VaPUC | ||
| 005 | 20220822114408.0 | ||
| 008 | 150827e20030000sp |||||||||||||||||spa|d | ||
| 999 | |c 360528 |d 360526 | ||
| 020 | |a 84-470-2078-9 | ||
| 040 | |c Pontificia Universidad Católica de Valparaíso | ||
| 082 | 0 | 4 | |a 346.092 EIZ 2003 |2 21 |
| 100 | 0 | |a Eizaguirre, José María de |e autor |9 581470 | |
| 245 | 1 | 0 | |a Derecho de los títulos - valores. |
| 250 | |a Primera edición. | ||
| 260 | |a Madrid, España: |b Thomson Civitas, |c 2003. | ||
| 300 | |a XXVI, 429 páginas. | ||
| 490 | 0 | |a TM. Tratados y Manuales. | |
| 500 | |a c.2 Donación Familia Prof. Alejandro Guzmán Brito. | ||
| 583 | |a last modification |c 20150827 16:13:00 |k Rodrigo Vera | ||
| 650 | 0 | |a Títulos de valores |2 CL-VaPUC |9 386684 | |
| 650 | 0 | |a Letras de cambio |2 CL-VaPUC |9 254916 | |
| 650 | 0 | |a Cheques |2 CL-VaPUC |9 254910 | |
| 650 | 0 | |a Títulos mercantiles |2 CL-VaPUC |9 430340 | |
| 942 | |c BK |2 ddc |n 0 | ||
| 945 | |d 20150827 16:13:00 |a gsalatino | ||
| 952 | |0 0 |1 0 |3 erb |4 0 |6 346_092000000000000_EIZ_2003 |7 0 |8 A |9 470376 |a BIBDER |b BIBDER |i 5195810 |l 2 |o 346.092 EIZ 2003 |p 5195810 |r 2022-09-01 |s 2022-09-01 |w 2019-11-23 |y BK |z Catalogado en:20150827 |k DER | ||
| 952 | |0 0 |1 0 |2 ddc |4 0 |6 346_092000000000000_EIZ_2003 |7 1 |8 C_AGB |9 581123 |a BIBDER |b BIBDER |d 2022-02-03 |e Donación |i 5644704 |o 346.092 EIZ 2003 |p 5644704 |r 2023-01-25 |t 2 |w 2022-02-03 |y BK_US |k AGB | ||